Statystyki dla Gminy w Powiatach na Literę G

Kliknij tutaj aby rozwiązać quiz!

Ogólne statystyki

  • Ten quiz został rozwiązany 15 razy
  • Średni wynik to 39 z 141

Statystyki odpowiedzi

PowiatyGminy% Poprawnych
gnieźnieńskiGniezno
93%
garwolińskiGarwolin
79%
giżyckiGiżycko
79%
głogowskiGłogów
79%
głubczyckiGłubczyce
79%
gołdapskiGołdap
79%
goleniowskiGoleniów
79%
gorlickiGorlice
79%
gostyńskiGostyń
71%
gostynińskiGostynin
71%
grajewskiGrajewo
71%
grodziski (mazowieckie)Grodzisk Mazowiecki
71%
grodziski (wielkopolskie)Grodzisk Wielkopolski
71%
grójeckiGrójec
71%
Trzemeszno
64%
golubsko-dobrzyńskiGolub-Dobrzyń
57%
górowskiGóra
57%
gryfickiGryfice
57%
gryfińskiGryfino
57%
gdańskiPruszcz Gdański
57%
Czerniejewo
50%
Maszewo
50%
Stepnica
43%
Witkowo
43%
Biecz
36%
Kłecko
36%
Kowalewo Pomorskie
36%
Niechanowo
36%
Nowogard
36%
Rewal
36%
Ryn
36%
Sośnicowice
36%
Trzebiatów
36%
Wąsosz
36%
Wilga
36%
Banie
29%
Goszczyn
29%
Jaktorów
29%
Łaskarzew
29%
Mieleszyn
29%
Milanówek
29%
Pilawa
29%
Przybiernów
29%
Sanniki
29%
Sobolew
29%
Warka
29%
Żelechów
29%
Baborów
21%
Baranów
21%
Bobowa
21%
Bogdaniec
21%
Cedry Wielkie
21%
Cedynia
21%
Chojna
21%
Górzno
21%
Kietrz
21%
Kiszkowo
21%
gliwickiKnurów
21%
Kolbudy
21%
gorzowskiKostrzyn nad Odrą
21%
Kotla
21%
Kruklanki
21%
grudziądzkiŁasin
21%
Lipinki
21%
Łubowo
21%
Łużna
21%
Maciejowice
21%
Miastków Kościelny
21%
Mieszkowice
21%
Mogielnica
21%
Moryń
21%
Moszczenica
21%
Nowe Miasto nad Pilicą
21%
Osina
21%
Pacyna
21%
Parysów
21%
Płoty
21%
Podkowa Leśna
21%
Pszczółki
21%
Pyskowice
21%
Radzyń Chełmiński
21%
Rajgród
21%
Ropa
21%
Santok
21%
Sękowa
21%
Szczawin Kościelny
21%
Toszek
21%
Trojanów
21%
Trzcińsko-Zdrój
21%
Widuchowa
21%
Witnica
21%
Wydminy
21%
Zbójno
21%
Banie Mazurskie
14%
Belsk Duży
14%
Borek Wielkopolski
14%
Borowie
14%
Branice
14%
Brojce
14%
Chynów
14%
Ciechocin
14%
Deszczno
14%
Dubeninki
14%
Gierałtowice
14%
Jerzmanowa
14%
Kłodawa
14%
Krobia
14%
Lubiszyn
14%
Miłki
14%
Pęcław
14%
Pilchowice
14%
Pniewy
14%
Pogorzela
14%
Poniec
14%
Przywidz
14%
Radomin
14%
Rakoniewice
14%
Rudziniec
14%
Stare Czarnowo
14%
Suchy Dąb
14%
Trąbki Wielkie
14%
Wielichowo
14%
Wielowieś
14%
Żukowice
14%
Błędów
7%
Granowo
7%
Gruta
7%
Jasieniec
7%
Jemielno
7%
Kamieniec
7%
Karnice
7%
Niechlów
7%
Pępowo
7%
Piaski
7%
Radziłów
7%
Rogóźno
7%
Świecie nad Osą
7%
Szczuczyn
7%
Ujście Gorlickie
7%
Żabia Wola
7%

Rozkład punktacji

Percentyl według liczby udzielonych odpowiedzi

Procent ludzi z każdym wynikiem

Twoja historia wyników

Nie rozwiązałeś tego quizu